=LDR 00000nam 2200000 4500 =001 INLIS000000000041241 =005 20130612150803 =008 ***********************************ind** =035 ##$$0010-061300000041241 =041 ##$$a ind =082 ##$$a 492.792 703 =090 ##$$a 492.792 703; bAbd k =100 ##$$a Abdullah, Wahyudi SHI =245 ##$$a Kamus lengkap 99.000.000 Indonesia - Arab/ Wahyudi Abdullah,SHI =260 ##$$a 2010 $b Bandung =300 ##$$a 640 hlm, 16 cm =650 ##$$a Bahasa Indonesia - Arab- Kamus =850 ##$$a NBPNMAT